000 00652nmm a2200205Ia 4500
008 251105s9999||||xx |||||||||||||||||und||
020 _a9788483183007
041 _aspa
100 _aPerinat Maceres, Adolfo
245 0 _aLos adolescentes en el siglo XXI. Un enfoque psicosocial.
264 _a[Madrid, España] :
_bUniversitat Oberta de Catalunya,
_c2003
300 _a272 páginas
650 _aEducation
700 _aPerinat Maceres, Adolfo
700 1 _a Corral Iñigo, Antonio
700 1 _a Crespo García, Isabel
700 1 _a Domènech Llaberia, Edelmira
856 _uhttps://public.digitaliapublishing.com/a/20402
942 _cCF
999 _c69965
_d69965